Artists With More Than One Song In The Spotify Billions Club - Statistics

General Stats
  • This quiz has been taken 246 times
    27 since last reset
  • The average score is 147 of 269
Answer Stats
# Songs Artist % Correct
29 "Baile Inolvidable", "Callaita", "Dákiti", "Diles", "DtMF", "Efecto", "I Like It", "La Canción", "La Noche De Anoche", "La Santa", "Lo Siento BB:/", "Me Porto Bonito", "MIA", "Moscow Mule", "Neverita", "No Me Conoce", "Nuevayol", "Ojitos Lindos", "Perro Negro", "Que Pretendes", "Safaera", "Si Estuviésemos Juntos", "Si Veo a Tu Mamá", "Soltera", "Te Boté", "Tití Me Preguntó", "un x100to", "Vete", "Yonaguni" Bad Bunny
100%
17 "Bad guy", "Bellyache", "Birds of a Feather", "Bored", "Bury a friend", "Chihiro", "Everything i wanted", "Happier Than Ever", "Idontwannabeyouanymore", "I love you", "Lovely", "Ocean eyes", "TV", "What Was I Made For?", "When the party's over", "Wildflower", "You should see me in a crown" Billie Eilish
100%
18 "24K Magic", "APT.", "Die With A Smile", "Grenade", "It Will Rain", "Just the Way You Are", "Leave The Door Open", "Locked out of Heaven", "Marry You", "Nothin' on You", "Talking to the Moon", "That’s What I Like", "Treasure", "Uptown Funk", "Versace on the Floor", "Wake Up in the Sky", "When I Was Your Man", "Young, Wild & Free" Bruno Mars
100%
12 "Adventure of a Lifetime", "A Sky Full of Stars", "Clocks", "Fix You", "Hymn for the Weekend", "My Universe", "Paradise", "Something Just Like This", "Sparks", "The Scientist", "Viva La Vida", "Yellow" Coldplay
100%
26 "Fair Trade", "Fake Love", "God's Plan", "Going Bad", "Headlines", "Hold On, We're Going Home", "Hotline Bling", "In My Feelings", "Jimmy Cooks", "Laugh Now Cry Later", "Life Is Good", "Look Alive", "Love Me", "MIA", "Money In The Grave", "Nice For What", "No Guidance", "Nonstop", "One Dance", "Passionfruit", "Teenage Fever", "Too Good", "Toosie Slide", "Wait For U", "Work", "Yes Indeed" Drake
100%
15 "Airplanes, Pt. II", "Forgot About Dre", "Godzilla", "Lose Yourself", "Love The Way You Lie", "Mockingbird", "Not Afraid", "Rap God", "Smack That", "Stan", "Superman", "The Monster", "The Real Slim Shady", "Till I Collapse", "Without Me" Eminem
100%
13 "All Falls Down", "American Boy", "Bound 2", "Father Stretch My Hands Pt.1", "Flashing Lights", "FourFiveSeconds", "Gold Digger", "Heartless", "Homecoming", "I Wonder", "N****s in Paris", "Power", "Stronger" Kanye West
100%
10 "California Gurls", "Dark Horse", "Feels", "Firework", "Hot N Cold", "I Kissed A Girl", "Last Friday Night (T.G.I.F.)", "Roar", "Teenage Dream", "The One That Got Away" Katy Perry
100%
12 "All The Stars", "Alright", "DNA.", "Don't Wanna Know", "family ties", "HUMBLE.", "LOVE.", "luther", "Money Trees", "Not Like Us", "Pray For Me", "PRIDE." Kendrick Lamar
100%
10 "Always Remember Us This Way", "Bad Romance", "Die With A Smile", "Judas", "Just Dance", "Paparazzi", "Poker Face", "Rain On Me", "Shallow", "Telephone" Lady Gaga
100%
15 "Better Now", "Candy Paint", "Circles", "Congratulations", "Fortnight", "Go Flex", "Goodbyes", "I Fall Apart", "I Had Some Help", "I Like You (A Happier Song)", "rockstar", "Psycho", "Sunflower", "White Iverson", "Wow." Post Malone
100%
27 "All Too Well (10 Minute Version)", "Anti-Hero", "August", "Blank Space", "cardigan", "Cruel Summer", "Delicate", "Don't Blame Me", "Enchanted", "Exile", "Fortnight", "I Don't Wanna Live Forever", "I Knew You Were Trouble", "Karma", "Look What You Made Me Do", "Lover", "Love Story", "Love Story (Taylor's Version)", "...Ready For It?", "Shake It Off", "Style", "The Fate of Ophelia", "Wildest Dreams", "Wildest Dreams (Taylor's Version)", "Willow", "You Belong With Me", "You Need To Calm Down" Taylor Swift
100%
31 "After Hours", "Blinding Lights", "Call Out My Name", "Can't Feel My Face", "Creepin'", "Die For You", "Die For You (Remix)", "Earned It", "Heartless", "I Feel It Coming", "In Your Eyes", "Is There Someone Else?", "I Was Never There", "Lost in the Fire", "Love Me Harder", "Low Life", "Moth To A Flame", "Often", "One Of The Girls", "Or Nah", "Party Monster", "Popular", "Pray For Me", "Reminder", "Save Your Tears", "Save Your Tears (with Ariana Grande)", "Starboy", "Stargirl Interlude", "The Hills", "Timeless", "You Right" The Weeknd
100%
10 "Easy On Me", "Hello", "Love In The Dark, "Make You Feel My Love", "Rolling in the Deep", "Send My Love (To Your New Lover)", "Set Fire to the Rain", "Skyfall", "Someone Like You", "When We Were Young" Adele
93%
22 "34+35", "7 rings", "Bang Bang", "Boyfriend", "Break Free", "Break up with your girlfriend, i'm bored", "Dangerous Woman", "Die For You (Remix)", "God is a woman", "Into You", "Love Me Harder", "No tears left to cry", "One Last Time", "Positions", "Problem", "Rain On Me", "Santa Tell Me", "Save Your Tears", "Side To Side", "Stuck with U", "Thank u, next", "We can't be friends (wait for your love)" Ariana Grande
93%
14 "Bad Habits", "Bam Bam", "Beautiful People", "Castle on the Hill", "Galway Girl", "Happier", "I Don't Care", "I See Fire", "Perfect", "Photograph", "Shape of You", "Shivers", "The A Team", "Thinking out Loud" Ed Sheeran
93%
19 "10,000 Hours", "Baby", "Beauty And A Beat", "Cold Water", "Confident", "Despacito (Remix)", "Ghost", "I Don't Care", "I'm the One", "Intentions", "Let Me Love You", "Love Yourself", "Mistletoe", "Peaches", "Sorry", "Stay", "Stuck with U", "What Do You Mean?", "Where Are Ü Now" Justin Bieber
93%
12 "Animals", "Don't Wanna Know", "Girls Like You", "Maps", "Memories", "Moves Like Jagger", "One More Night", "Payphone", "She Will Be Loved", "Sugar", "This Love", "What Lovers Do" Maroon 5
93%
19 "Diamonds", "Disturbia", "Don't Stop The Music", "FourFiveSeconds", "Love On The Brain", "Love The Way You Lie", "Needed Me", "Only Girl (In The World)", "Pon de Replay", "S&M", "Stay", "The Monster", "This Is What You Came For", "Too Good", "Umbrella", "We Found Love", "Where Have You Been", "Wild Thoughts", "Work" Rihanna
93%
3 "Crazy In Love", "Halo", "Telephone" Beyoncé
87%
5 "California Love", "Forgot About Dre", "No Diggity", "Still D.R.E.", "The Next Episode" Dr. Dre
87%
11 "Bad Liar", "Believer", "Bones", "Demons", "Enemy", "Natural", "On Top Of The World", "Radioactive", "Sucker For Pain", "Thunder", "Whatever It Takes" Imagine Dragons
87%
5 "Crazy In Love", "Empire State Of Mind", "N****s in Paris", "Numb / Encore", "Umbrella" Jay-Z
87%
3 "Beat It", "Billie Jean", "Smooth Criminal" Michael Jackson
87%
6 "Angels Like You", "Flowers", "Nothing Breaks Like a Heart", "Party In The U.S.A.", "We Can't Stop", "Wrecking Ball" Miley Cyrus
87%
9 "All I Want", "Deja vu", "Drivers license", "Favorite crime", "Good 4 u", "Happier", "Jealousy, jealousy", "Traitor", "Vampire" Olivia Rodrigo
87%
2 "Just Give Me a Reason", "Try" P!nk
87%
8 "Another One Bites The Dust", "Bohemian Rhapsody", "Crazy Little Thing Called Love", "Don't Stop Me Now", "Killer Queen", "Somebody To Love", "Under Pressure", "We Will Rock You" Queen
87%
5 "Espresso", "Feather", "Nonsense", "Please Please Please", "Taste" Sabrina Carpenter
87%
10 "All The Stars", "Good Days", "Kill Bill", "Kiss Me More", "Love Galore", "Luther", "Nobody Gets Me", "Saturn", "Snooze", "What Lovers Do" SZA
87%
9 "Butterfly Effect", "Fair Trade", "FE!N", "goosebumps", "Highest In The Room", "Love Galore", "Sicko Mode", "Trance", "ZEZE" Travis Scott
87%
2 "Dancing Queen", "Gimme! Gimme! Gimme! (A Man After Midnight)" ABBA
80%
4 "Back In Black", "Highway to Hell", "Thunderstruck", "You Shook Me All Night Long" AC/DC
80%
5 "I Gotta Feeling", "Meet Me Halfway", "Pump It", "Ritmo (Bad Boys For Life)", "Where Is The Love?" Black Eyed Peas
80%
2 "Girls Just Want to Have Fun", "Time After Time" Cyndi Lauper
80%
13 "Break My Heart", "Cold Heart", "Dance The Night", "Don't Start Now", "Houdini", "IDGAF", "Levitating", "Levitating" (with DaBaby), "New Rules", "No Lie", "One Kiss", "Physical", "Scared to Be Lonely" Dua Lipa
80%
5 "Cold Heart", "Don't Go Breaking My Heart", "I'm Still Standing", "Rocket Man (I Think It's Going To Be A Long, Long Time)", "Your Song" Elton John
80%
5 "Dreams", "Everywhere", "Go Your Own Way", "Landslide", "The Chain" Fleetwood Mac
80%
7 "Adore You", "As It Was", "Falling", "Golden", "Late Night Talking", "Sign of the Times", "Watermelon Sugar" Harry Styles
80%
2 "Take Me to Church", "Too Sweet" Hozier
80%
3 "Can't Stop The Feeling", "Mirrors", "SexyBack" Justin Timberlake
80%
4 "Die Young", "Right Round", "TiK ToK", "Timber" Kesha
80%
3 "Ribs", "Royals", "Team" Lorde
80%
3 "Despacito", "Despacito (Remix)", "Échame La Culpa" Luis Fonsi
80%
2 "Nothing Breaks Like a Heart", "Uptown Funk" Mark Ronson
80%
2 "Don't Look Back In Anger", "Wonderwall" Oasis
80%
6 "Drag Me Down", "Night Changes", "Perfect", "Steal My Girl", "Story of My Life", "What Makes You Beautiful" One Direction
80%
6 "Californication", "Can't Stop", "Otherside", "Scar Tissue", "Snow (Hey Oh)", "Under the Bridge" Red Hot Chili Peppers
80%
5 "Chantaje", "Hips Don't Lie", "Shakira: Bzrp Music Sessions, Vol. 53", "TQG", "Waka Waka (This Time for Africa)" Shakira
80%
5 "21 Questions", "Candy Shop", "Hate It Or Love It", "In Da Club", "P.I.M.P." 50 Cent
73%
4 "Empire State Of Mind", "If I Ain't Got You", "My Boo", "No One" Alicia Keys
73%
2 "How Deep Is Your Love", "Stayin' Alive" Bee Gees
73%
3 "Piano Man", "Uptown Girl", "Vienna" Billy Joel
73%
3 "It's My Life", "Livin' On A Prayer", "You Give Love A Bad Name" Bon Jovi
73%
5 "...Baby One More Time", "Gimme More", "Oops!...I Did It Again", "Scream & Shout", "Toxic" Britney Spears
73%
12 "Blame", "Feels", "Feel So Close", "How Deep Is Your Love", "My Way", "One Kiss", "Outside", "Promises", "Slide", "Summer", "This Is What You Came For", "We Found Love" Calvin Harris
73%
4 "Bam Bam", "Havana", "Never Be the Same", "Señorita" Camila Cabello
73%
2 "Clint Eastwood", "Feel Good Inc." Gorillaz
73%
5 "American Idiot", "Basket Case", "Boulevard of Broken Dreams", "Good Riddance (Time of Your Life), "Wake Me up When September Ends" Green Day
73%
5 "Knockin' On Heaven's Door", "November Rain", "Paradise City", "Sweet Child O' Mine", "Welcome To The Jungle" Guns N' Roses
73%
9 "Born To Die", "Brooklyn Baby", "Cinnamon Girl", "Say Yes To Heaven", "Stargirl Interlude", "Summertime Sadness", "Video Games", "West Coast", "Young and Beautiful" Lana Del Rey
73%
3 "Enter Sandman", "Master of Puppets", "Nothing Else Matters" Metallica
73%
7 "Bang Bang", "Beauty And A Beat", "Side To Side", "Starships", "Super Bass", "Swalla", "Tusa" Nicki Minaj
73%
3 "Come As You Are", "Heart-Shaped Box", "Smells Like Teen Spirit" Nirvana
73%
2 "I Ain't Worried", "Counting Stars" OneRepublic
73%
4 "Blurred Lines", "Feels", "Get Lucky", "Happy" Pharrell Williams
73%
2 "Another Brick in the Wall, Pt. 2", "Wish You Were Here" Pink Floyd
73%
5 "DJ Got Us Fallin' In Love", "Feel This Moment", "Give Me Everything", "Timber", "Time of Our Lives" Pitbull
73%
6 "If I Can't Have You", "Mercy", "Señorita", "Stitches", "There's Nothing Holdin' Me Back", "Treat You Better" Shawn Mendes
73%
8 "Chandelier", "Cheap Thrills", "Dusk Till Dawn", "Elastic Heart", "Snowman", "Titanium", "Unstoppable", "Wild Ones" Sia
73%
2 "Chop Suey!", "Toxicity" System Of A Down
73%
5 "Closer", "Don't Let Me Down", "Paris", "Roses", "Something Just Like This" The Chainsmokers
73%
3 "DJ Got Us Fallin' In Love", "My Boo", "Yeah!" Usher
73%
2 "Higher Love", "I Wanna Dance With Somebody (Who Loves Me)" Whitney Houston
73%
6 "505", "Do I Wanna Know?", "Fluorescent Adolescent", "I Wanna Be Yours", "R U Mine?", "Why'd You Only Call Me When You're High?" Arctic Monkeys
67%
4 "I'm Good (Blue)", "In the Name of Love", "Meant to Be", "Me, Myself & I" Bebe Rexha
67%
6 "Boy With Luv", "Butter", "Dynamite", "Fake Love", "Left and Right", "My Universe" BTS
67%
5 "Bodak Yellow", "Girls Like You", "I Like It", "Taki Taki", "WAP" Cardi B
67%
2 "Good Luck, Babe!", "Pink Pony Club" Chappell Roan
67%
5 "Attention", "Left and Right", "One Call Away", "See You Again", "We Don't Talk Anymore" Charlie Puth
67%
3 "Feel This Moment", "Moves Like Jagger", "Say Something" Christina Aguilera
67%
3 "For The Night", "Levitating", "Rockstar" DaBaby
67%
9 "Boss Bitch", "I Like You (A Happier Song)", "Kiss Me More", "Need to Know", "Paint The Town Red", "Say So", "Streets", "Woman", "You Right" Doja Cat
67%
2 "Since U Been Gone", "Underneath the Tree" Kelly Clarkson
67%
5 "Industry Baby", "Montero (Call Me By Your Name)", "Old Town Road", "Old Town Road (Remix)", "Thats What I Want" Lil Nas X
67%
4 "Can't Hold Us", "Glorious", "These Days", "Thrift Shop" Macklemore
67%
2 "Can't Hold Us", "Thrift Shop" Macklemore & Ryan Lewis
67%
2 "Cold Water", "Lean On"
67%
2 "Teenagers", "Welcome to the Black Parade" My Chemical Romance
67%
3 "Maneater", "Promiscuous", "Say It Right" Nelly Furtado
67%
2 "Hey Ya!", "Ms. Jackson" Outkast
67%
9 "Dancing With A Stranger", "How Do You Sleep", "I'm Not The Only One", "La La La", "Latch", "Promises", "Stay With Me", "Too Good At Goodbyes", "Unholy" Sam Smith
67%
4 "California Gurls", "Still D.R.E.", "The Next Episode", "Young, Wild & Free" Snoop Dogg
67%
2 "Linger", "Zombie" The Cranberries
67%
3 "Drive By", "Drops of Jupiter (Tell Me)", "Hey, Soul Sister" Train
67%
2 "Last Christmas", "Wake Me Up Before You Go-Go" Wham!
67%
2 "Dream On", "I Don't Want To Miss A Thing" Aerosmith
60%
6 "Hey Brother", "Levels", "The Nights", "Waiting For Love", "Wake Me Up", "Without You" Avicii
60%
2 "Happier", "Pompeii" Bastille
60%
2 "How You Like That", "Kill This Love" Blackpink
60%
2 "Airplanes, Pt. II", "Nothin' on You" B.o.B
60%
3 "Bad Moon Rising", "Fortunate Son", "Have You Ever Seen The Rain" Creedence Clearwater Revival
60%
2 "Gata Only", "Una Noche en Medellín" Cris Mj
60%
2 "Here With Me", "Romantic Homicide" d4vd
60%
5 "Cool for the Summer", "Échame La Culpa", "Heart Attack", "Solo", "Sorry Not Sorry" Demi Lovato
60%
2 "I'm the One", "Wild Thoughts" DJ Khaled
60%
2 "Walking On A Dream", "We Are The People" Empire Of The Sun
60%
3 "Savage Love", "Swalla", "Want to Want Me" Jason Derulo
60%
2 "All of Me", "Like I'm Gonna Lose You" John Legend
60%
9 "All Girls Are The Same", "Bandit", "Come & Go", "Godzilla", "Hate Me", "Lean Wit Me", "Lucid Dreams", "Robbery", "Wishing Well" Juice Wrld
60%
10 "1-800-273-8255", "Beautiful People", "Better", "Eastside", "Location", "Love Lies", "Lovely", "Silence", "Talk", "Young Dumb & Broke" Khalid
60%
7 "Faint", "In the End", "Numb", "Numb / Encore", "One Step Closer", "Somewhere I Belong", "What I've Done" Linkin Park
60%
6 "Come & Go", "Friends", "Happier", "Leave Before You Love Me", "Silence", "Wolves" Marshmello
60%
2 "High Hopes", "I Write Sins Not Tragedies" Panic! At The Disco
60%
2 "Creep", "No Surprises" Radiohead
60%
2 "Can't Hold Us", "Thrift Shop" Ryan Lewis
60%
2 "Mr. Brightside", "Somebody Told Me" The Killers
60%
2 "Big Poppa", "Hyponotize" The Notorious B.I.G.
60%
2 "Africa", "Hold the Line" Toto
60%
2 "Hall of Fame", "Scream & Shout" Will.i.am
60%
11 "Changes", "Everybody Dies In Their Nightmares", "Falling Down", "F**k Love", "Hope", "Jocelyn Flores", "Look At Me!", "Moonlight", "Revenge", "SAD!", "The remedy for a broken heart (why am I so in love)" XXXTentacion
60%
3 "Kings & Queens", "Sweet but Psycho", "The Motto" Ava Max
53%
3 "Could You Be Loved", "Is This Love", "Three Little Birds" Bob Marley & The Wailers
53%
3 "Dancing On My Own", "Where Are You Now", "You Are The Reason" Calum Scott
53%
4 "Rather Be", "Rockabye", "Solo", "Symphony" Clean Bandit
53%
3 "Get Lucky", "I Feel It Coming", "Starboy" Daft Punk
53%
4 "I'm Good (Blue)", "Memories", "Sexy B***h", "Titanium" David Guetta
53%
4 "Burn", "Hate Me", "Love Me Like You Do", "Outside" Ellie Goulding
53%
2 "Bailando", "El Perdón" Enrique Iglesias
53%
2 "Centuries", "Sugar, We're Goin Down" Fall Out Boy
53%
5 "Boy With Luv", "Closer", "Eastside", "Him & I", "Without Me" Halsey
53%
2 "Sex on Fire", "Use Somebody" Kings of Leon
53%
3 "Before You Go", "Bruises", "Someone You Loved" Lewis Capaldi
53%
3 "Drip Too Hard", "For The Night", "Yes Indeed" Lil Baby
53%
4 "20 Min", "Bad and Boujee", "The Way Life Goes", "XO Tour Llif3" Lil Uzi Vert
53%
2 "Baby", "Yeah!" Ludacris
53%
3 "I Had Some Help", "Last Night", "Whiskey Glasses" Morgan Wallen
53%
3 "Give Me Everything", "So Sick", "Time of Our Lives" Ne-Yo
53%
3 "No Lie", "Rockabye", "Temperature" Sean Paul
53%
8 "Back To You", "Calm Down", "It Ain't Me", "Lose You To Love Me", "Love You Like A Love Song", "Taki Taki", "We Don't Talk Anymore", "Wolves" Selena Gomez
53%
2 "Greedy", "You broke me first" Tate McRae
53%
2 "Stay", "Without You" The Kid Laroi
53%
3 "Promiscuous", "SexyBack", "The Way I Are" Timbaland
53%
3 "Heathens", "Ride", "Stressed Out" Twenty One Pilots
53%
4 "Or Nah", "See You Again", "Sucker For Pain", "Young, Wild & Free" Wiz Khalifa
53%
3 "Lush Life", "Never Forget You", "Symphony" Zara Larsson
53%
3 "Dusk Till Dawn", "I Don't Wanna Live Forever", "Pillowtalk" ZAYN
53%
5 "A lot", "Bank Account", "Creepin'", "Jimmy Cooks", "Rockstar" 21 Savage
47%
2 "Teeth", "Youngblood" 5 Seconds of Summer
47%
3 "Lonely", "Sexy Bitch", "Smack That" Akon
47%
4 "2002", "Friends", "Rewrite The Stars", "Rockabye" Anne-Marie
47%
3 "Beautiful Things", "In The Stars", "Slow It Down" Benson Boone
47%
2 "Ain't No Sunshine", "Lovely Day" Bill Withers
47%
7 "China", "Con Calma", "Despacito", "Despacito (Remix)", "Gasolina", "La Santa", "Soltera" Daddy Yankee
47%
3 "Maneater", "Rich Girl", "You Make My Dreams (Come True)" Daryl Hall & John Oates
47%
2 "Work from Home", "Worth It" Fifth Harmony
47%
5 "Low", "My House", "Right Round", "Whistle", "Wild Ones" Flo Rida
47%
2 "Heartbreak Anniversary", "Peaches" Giveon
47%
3 "3D", "Industry Baby", "Lovin On Me" Jack Harlow
47%
2 "Leave Before You Love Me", "Sucker" Jonas Brothers
47%
4 "3D", "Left and Right", "Seven", "Standing Next to You" Jung Kook
47%
2 "Beggin'", "I Wanna Be Your Slave" Måneskin
47%
3 "Electric Feel", "Kids", "Pursuit Of Happiness (Nightmare)" MGMT
47%
2 "My Love Mine All Mine", "Washing Machine Heart" Mitski
47%
2 "21 Questions", "Till I Collapse" Nate Dogg
47%
2 "Misery Business", "Still Into You" Paramore
47%
2 "Boy's a liar Pt. 2", "Pain" PinkPantheress
47%
3 "Dior", "For The Night", "What You Know Bout Love" Pop Smoke
47%
2 "Escapism.", "Prada" Raye
47%
3 "Ballin'", "Rockstar", "The Box" Roddy Ricch
47%
2 "Sunflower", "Unforgettable" Swae Lee
47%
2 "Don't You Worry Child", "Moth To A Flame" Swedish House Mafia
47%
2 "Borderline", "The Less I Know The Better" Tame Impala
47%
4 "Break Free", "Stay", "Starving", "The Middle" Zedd
47%
3 "1-800-273-8255", "Scars To Your Beautiful", "Stay" Alessia Cara
40%
3 "3005", "Les", "Redbone" Childish Gambino
40%
2 "Heather", "Maniac" Conan Gray
40%
3 "Best Part", "Get You", "Peaches" Daniel Caesar
40%
4 "Lean On", "Let Me Love You", "Middle", "Taki Taki" DJ Snake
40%
6 "Ivy", "Lost", "Pink + White", "Slide", "Thinking Bout You", "White Ferrari" Frank Ocean
40%
7 "Life Is Good", "Love Me", "Low Life", "Mask Off", "Superhero (Heroes & Villains)", "Too Many Nights", "Wait For U" Future
40%
2 "Him & I", "Me, Myself & I" G-Eazy
40%
2 "I Love You, I'm Sorry", "That's So True" Gracie Abrams
40%
6 "Can I Be Him", "Car's Outside", "Impossible", "Rewrite The Stars", "Say You Won't Let Go", "Train Wreck" James Arthur
40%
9 "China", "I Like It", "La Canción", "Mi Gente", "No Me Conoce", "Otra vez", "Que Pretendes", "Ritmo (Bad Boys For Life)", "X" J Balvin
40%
2 "Rather Be", "These Days" Jess Glynne
40%
2 "Glimpse of Us", "Slow Dancing In The Dark" Joji
40%
8 "AMARGURA", "China", "MAMIII" "Provenza", "QLONA", "Si Antes Te Hubiera Conocido", "TQG", "Tusa" Karol G
40%
2 "Falling Down", "Star Shopping" Lil Peep
40%
3 "I'm the One", "Love Me", "Sucker For Pain" Lil Wayne
40%
2 "In the Name of Love", "Scared to Be Lonely" Martin Garrix
40%
6 "Creepin'", "Ric Flair Drip", "Space Cadet", "Superhero (Heroes & Villains)", "Too Many Nights", "Trance" Metro Boomin
40%
2 "Bad and Boujee", "Slide" Migos
40%
2 "Slow Hands", "This Town" Niall Horan
40%
7 "China", "Criminal", "Diles", "Hey Mor", "Se Preparó", "Taki Taki", "Te Boté" Ozuna
40%
4 "Congratulations", "I'm the One", "Intentions", "Strip That Down" Quavo
40%
2 "Bad Habit", "Dark Red" Steve Lacy
40%
3 "Daddy Issues", "Software", "Sweater Weather" The Neighbourhood
40%
3 "Breakeven", "Hall of Fame", "The Man Who Can't Be Moved" The Script
40%
5 "Or Nah", "Psycho", "Sucker For Pain", "Swalla", "Work from Home" Ty Dolla $ign
40%
2 "Earfquake", "See You Again" Tyler, The Creator
40%
2 "Praise The Lord (Da Shine)", "Sundress" A$AP Rocky
33%
2 "Locked Away", "Stereo Hearts" Adam Levine
33%
2 "Mamiii", "Shower" Becky G
33%
2 "All The Small Things", "I Miss You" blink-182
33%
3 "Don't", "Exchange", "Wild Thoughts" Bryson Tiller
33%
2 "Confident", "I'm the One" Chance the Rapper
33%
4 "Apocalypse", "Cry", "K.", "Sunsetz" Cigarettes After Sex
33%
3 "Calma", "Diles", "Pepas" Farruko
33%
2 "Budapest", "Shotgun" George Ezra
33%
2 "Starving", "The Middle" Grey
33%
4 "Drip Too Hard", "fukumean", "Lemonade", "Space Cadet" Gunna
33%
2 "Let Me Go", "Starving" Hailee Steinfeld
33%
2 "I'm Yours", "I Won't Give Up" Jason Mraz
33%
4 "Middle Child", "No Role Modelz", "Wet Dreamz", "Work Out" J. Cole
33%
2 "Blame", "Love Me Again" John Newman
33%
3 "Fast Car", "Mama", "Perfect Strangers" Jonas Blue
33%
2 "If the World Was Ending", "Issues" Julia Michaels
33%
4 "Get You", "Moonlight", "See You Again", "telepatía" Kali Uchis
33%
3 "Day 'N' Nite (nightmare)", "Memories", "Pursuit Of Happiness (Nightmare)" Kid Cudi
33%
4 "Firestone", "Higher Love", "It Ain't Me", "Stole the Show" Kygo
33%
2 "Are You With Me", "Where Are You Now" Lost Frequencies
33%
3 "Cold Water", "Lean On", "Light It Up" Major Lazer
33%
5 "Borro Cassette", "Chantaje", "Felices los 4", "Hawái", "Según Quién" Maluma
33%
3 "El Perdón", "Te Boté", "X" Nicky Jam
33%
3 "Ric Flair Drip", "Taste", "ZEZE" Offset
33%
4 "FE!N", "Magnolia", "Popular", "Timeless" Playboi Carti
33%
3 "Prayer in C", "Sugar", "Waves" Robin Schulz
33%
2 "Until I Found You", "Until I Found You" Stephen Sanchez
33%
2 "Ho Hey", "Ophelia" The Lumineers
33%
2 "The Business", "The Motto" Tiësto
33%
3 "Goodbyes", "Havana", "Trance" Young Thug
33%
2 "Amanece", "China" Anuel AA
27%
2 "Quevedo: Bzrp Music Sessions, Vol. 52", "Shakira: Bzrp Music Sessions, Vol. 53" Bizarrap
27%
3 "Under The Influence", "No Guidance", "Superhero (Heroes & Villains)" Chris Brown
27%
2 "Latch", "Talk" Disclosure
27%
2 "3 Nights", "Babydoll" Dominic Fike
27%
2 "Danza Kuduro", "Dile" Don Omar
27%
3 "Lemonade", "No Idea", "Too Many Nights" Don Toliver
27%
8 "Classy 101", "Feliz Cumpleaños Ferxxo", "Hey Mor", "La Inocente", "Luna", "Normal", "Perro Negro", "Yandel 150" Feid
27%
2 "Black Beatles", "Wake Up in the Sky" Gucci Mane
27%
2 "Like Crazy", "Who" Jimin
27%
3 "Drowning", "Wake Up in the Sky", "ZEZE" Kodak Black
27%
2 "1-800-273-8255", "Sucker For Pain" Logic
27%
2 "Beautiful Crazy", "When It Rains It Pours" Luke Combs
27%
2 "Lose Control", "Piece Of Your Heart" Meduza
27%
2 "Head & Heart", "Never Forget You" MNEK
27%
2 "Dancing With A Stranger", "Love Lies" Normani
27%
3 "Ella Baila Sola", "La Bebe", "QLONA" Peso Pluma
27%
2 "Martin & Gina", "Rapstar" Polo G
27%
2 "Columbia", "Quevedo: Bzrp Music Sessions, Vol. 52" Quevedo
27%
4 "Desesperados", "Lokera", "Tiroteo", "Todo De Ti" Rauw Alejandro
27%
2 "The Kids Aren't Alright", "You're Gonna Go Far, Kid" The Offspring
27%
3 "Cigarettes out the Window", "Lovers Rock", "Not Allowed" TV Girl
27%
2 "I Remember Everything", "Something in the Orange" Zach Bryan
27%
2 "Friends", "Swim" Chase Atlantic
20%
2 "Let Me Go", "Meant to Be" Florida Georgia Line
20%
2 "I Was Never There", "Lost in the Fire" Gesaffelstein
20%
2 "Que Vuelvas", "un x100to" Grupo Frontera
20%
2 "Dákiti", "No Me Conoce" Jhayco
20%
2 "Despechá", "La Noche De Anoche" Rosalía
20%
2 "Callaita", "Lo Siento BB:/" Tainy
20%
2 "Animal I Have Become", "I Hate Everything About You" Three Days Grace
20%
2 "Desesperados", "Me Porto Bonito" Chencho Corleone
13%
2 "Ballin'", "Or Nah" Mustard
13%
3 "La Curiosidad", "Lala", "Pareja Del Año" Myke Towers
13%
3 "Primera Cita", "Que Vuelvas", "Según Quién" Carin León
7%
2 "Lose Control", "Piece Of Your Heart" Goodboys
7%
2 "Diles", "Safaera" Ñengo Flow
7%
No matching quizzes found
Score Distribution
Percent of People with Each Score
Percentile by Number Answered
Your Score History
You have not taken this quiz since the last reset